000 00399nam a2200133Ia 4500
003 GCL
008 140319s9999 xx 000 0 ara d
040 _aGCL /
_cGCL
082 0 4 _aط
_b252.2
_bع ل
100 1 _aعبدالرؤوف الحناوى
245 1 0 _aلماذا أصلى /
_cعبدالرؤوف الحناوى
300 _a36 ص
490 _aالهيئة العامة للاستعلامات
_v0
999 _c51178
_d51178